000
00322pab a2200121 454500
008
180718b xxu||||| |||| 00| 0 eng d
100
_a
Patil, S.H.
245
_a
Speaker Protem
650
_a
Speaker
650
_a
Legislative Officers - India
773
_a
Journal of Constitutional and Parliamentary Studies
909
_a
23780
999
_c
23780
_d
23780